[Event "Godesberg - Düsseldorf 2"]
[Site "?"]
[Date "2024.03.10"]
[Round "7.8"]
[White "Kutzner, Stephen"]
[Black "Kurka, Christopher-Ulrich"]
[Result "1-0"]
[WhiteElo "2044"]
[BlackElo "1848"]
[PlyCount "213"]
[EventDate "2024.??.??"]
[SourceVersionDate "2023.09.04"]

1. d4 d5 2. c4 e6 3. Nc3 Nf6 4. cxd5 exd5 5. Bg5 c6 6. Qc2 Be7 7. e3 h6 8. Bh4 Nbd7 9. Bd3 O-O 10. Nge2 Re8 11. O-O Ne4 12. Bxe7 Qxe7 13. Rac1 Nf8 14. f3 Nxc3 15. Nxc3 Be6 16. a3 Rad8 17. Qf2 Qd7 18. Bb1 Bf5 19. e4 dxe4 20. fxe4 Bg6 21. Rcd1 a6 22. Ba2 Ne6 23. d5 Ng5 24. dxc6 Qxc6 25. Bd5 Qc7 26. Rde1 Rd7 27. h4 Ne6 28. Kh1 Qe5 29. Rd1 Red8 30. Qe3 Qh5 31. Qe1 Qe5 32. g3 Nc7 33. Bxb7 Rxd1 34. Nxd1 Rd3 35. Kh2 Rd4 36. Nc3 Qd6 37. Bd5 Nxd5 38. exd5 Rxh4+ 39. Kg2 Rg4 40. Qe3 Rg5 41. Rf4 Re5 42. Qd4 f6 43. Qb4 Qxb4 44. Rxb4 Kf7 45. Kf3 Bc2 46. Rb6 Bd3 47. Rc6 h5 48. Rc7+ Kf8 49. b4 g5 50. a4 Ke8 51. b5 axb5 52. axb5 Bxb5 53. Nxb5 Rxd5 54. Rb7 Rd3+ 55. Kf2 Kf8 56. Nc7 Kf7 57. Nd5+ Ke6 58. Ne3 h4 59. g4 Rd2+ 60. Kf3 Ra2 61. Rc7 Ra3 62. Rc1 Ke5 63. Re1 Rb3 64. Re2 Ra3 65. Rb2 Kd4 66. Rd2+ Ke5 67. Rd5+ Ke6 68. Rb5 Ra4 69. Rc5 Ra3 70. Ke4 h3 71. Rc6+ Kd7 72. Rc2 Ra4+ 73. Kf3 Ra8 74. Rh2 Rh8 75. Kg3 Ra8 76. Rxh3 Ke6 77. Kf3 Ra3 78. Rh7 Ra4 79. Rb7 Rf4+ 80. Kg3 Ra4 81. Rc7 Ra3 82. Kf3 Kd6 83. Rc4 Ke6 84. Ke4 Ra1 85. Rc6+ Kf7 86. Rc7+ Ke6 87. Rc6+ Kf7 88. Rd6 Ra4+ 89. Rd4 Ra1 90. Kf5 Ra5+ 91. Rd5 Ra3 92. Ke4 Ra4+ 93. Rd4 Ra7 94. Nf5 Ke6 95. Rb4 Ra1 96. Rb6+ Kf7 97. Rb7+ Kf8 98. Kd5 Re1 99. Rb4 Re5+ 100. Kd6 Re1 101. Kd7 Kf7 102. Nd6+ Kg6 103. Nf5 Rd1+ 104. Rd4 Re1 105. Kd8 Rg1 106. Ke7 Ra1 107. Ke6 {Rest nicht lesbar!} 1-0

[Event "Aachen II - Iserlohn"]
[Site "?"]
[Date "2024.03.10"]
[Round "7.1"]
[White "Scheider, Julian"]
[Black "Coenen, Norbert"]
[Result "1/2-1/2"]
[WhiteElo "2295"]
[BlackElo "2271"]
[PlyCount "20"]
[EventDate "2024.??.??"]
[SourceVersionDate "2023.09.04"]

1. e4 c5 2. Nf3 Nc6 3. d4 cxd4 4. Nxd4 g6 5. Nc3 Bg7 6. Be3 Nf6 7. Bc4 O-O 8. Bb3 Re8 9. O-O d6 10. h3 Bd7 1/2-1/2

[Event "Aachen II - Iserlohn"]
[Site "?"]
[Date "2024.03.10"]
[Round "7.2"]
[White "Bodicky, Michal"]
[Black "Schulze, Marc"]
[Result "1-0"]
[WhiteElo "2212"]
[BlackElo "2223"]
[PlyCount "103"]
[EventDate "2024.??.??"]
[SourceVersionDate "2023.09.04"]

1. d4 Nf6 2. Bg5 c5 3. Bxf6 gxf6 4. d5 Qb6 5. Qc1 f5 6. c4 Bg7 7. Nc3 Qb4 8. e3 d6 9. Qc2 O-O 10. a3 Qa5 11. Bd3 Na6 12. Rd1 Nc7 13. Nge2 b5 14. cxb5 Nxd5 15. b4 Nxb4 16. axb4 Qxb4 17. Rb1 Qa5 18. O-O e6 19. e4 fxe4 20. Bxe4 d5 21. Bxh7+ Kh8 22. Qd3 f5 23. Qh3 Rf6 24. Bg6+ Kg8 25. Be8 d4 26. Bc6 Rb8 27. Ra1 Qc7 28. Na4 Rh6 29. Qg3 Qxg3 30. Nxg3 c4 31. Rfd1 c3 32. Rac1 Bb7 33. Nc5 Bxc6 34. bxc6 Rc8 35. Nb3 f4 36. Ne4 Rxc6 37. Nxd4 Rc4 38. Rxc3 Rxd4 39. Rc8+ Kf7 40. Rc7+ Ke8 41. Rb1 Be5 42. Rb8+ Rd8 43. Rxd8+ Kxd8 44. Rxa7 Bd4 45. Rf7 e5 46. g3 fxg3 47. hxg3 Ke8 48. Rb7 Ra6 49. Kg2 Ra3 50. g4 Ra7 51. Nd6+ Kd8 52. Nf7+ 1-0

[Event "Aachen II - Iserlohn"]
[Site "?"]
[Date "2024.03.10"]
[Round "7.3"]
[White "Messarius, Juergen"]
[Black "Lamby, Philipp"]
[Result "0-1"]
[WhiteElo "2180"]
[BlackElo "2196"]
[PlyCount "94"]
[EventDate "2024.??.??"]
[SourceVersionDate "2023.09.04"]

1. e4 e5 2. Nf3 Nc6 3. d4 exd4 4. Nxd4 Nf6 5. Nxc6 bxc6 6. e5 Qe7 7. Qe2 Nd5 8. c4 Qb4+ 9. Nd2 Nf4 10. Qe4 Ne6 11. a3 Qb6 12. b4 d6 13. Bb2 a5 14. c5 Qb7 15. exd6 cxd6 16. cxd6 Bxd6 17. Bxg7 f5 18. Qd3 Qxg7 19. Rc1 Nd4 20. Nc4 O-O 21. Nxd6 Qe5+ 22. Be2 Nxe2 23. Qxe2 Qxd6 24. b5 cxb5 25. O-O Qe6 26. Qd2 Ra7 27. Rfe1 Rd7 28. Qxa5 Qd5 29. f3 Bb7 30. Kh1 Qd3 31. Rf1 Re8 32. a4 Ra8 33. Qe1 bxa4 34. Qe6+ Rf7 35. Rfd1 Qb3 36. Qe5 Bxf3 37. Qg3+ Bg4 38. Rd3 Qb8 39. Qe3 f4 40. Qc5 Qf8 41. Qg5+ Rg7 42. Qd5+ Kh8 43. h3 Be2 44. Rdc3 a3 45. Qe6 a2 46. Ra1 f3 47. g4 Re7 0-1

[Event "Aachen II - Iserlohn"]
[Site "?"]
[Date "2024.03.10"]
[Round "7.4"]
[White "Huesmann, Thomas"]
[Black "Kind, Bertram"]
[Result "0-1"]
[WhiteElo "2178"]
[BlackElo "2148"]
[PlyCount "164"]
[EventDate "2024.??.??"]
[SourceVersionDate "2023.09.04"]

1. e4 c5 2. Nf3 Nc6 3. Bb5 d6 4. O-O Bd7 5. Re1 Nf6 6. c3 a6 7. Bf1 Bg4 8. h3 Bxf3 9. Qxf3 g6 10. d3 Bg7 11. Qg3 O-O 12. f4 e6 13. Be3 b5 14. Nd2 Rc8 15. Qf2 Re8 16. g4 a5 17. g5 Nd7 18. h4 f5 19. Bg2 b4 20. Rac1 bxc3 21. bxc3 Nb6 22. h5 Ne7 23. hxg6 hxg6 24. d4 d5 25. dxc5 Na4 26. e5 Nb2 27. Bf1 a4 28. a3 Qa5 29. Nf3 Nc4 30. Bxc4 dxc4 31. Nd2 Qa6 32. Qe2 Nd5 33. Qxc4 Qc6 34. Nf3 Nxe3 35. Rxe3 Bf8 36. Nd4 Qxc5 37. Qxa4 Qd5 38. Qb3 Rc4 39. Qb5 Qxb5 40. Nxb5 Bc5 41. Rce1 Bxe3+ 42. Rxe3 Rxf4 43. Nd6 Rb8 44. c4 Rb2 45. c5 Rd4 46. Re1 Rg4+ 47. Kh1 Rgg2 48. c6 Rgc2 49. Nc8 Rb8 50. Na7 Ra8 51. Nb5 Rxc6 52. Rd1 Rc5 53. a4 Rxe5 54. Rd4 Kf8 55. Kg2 Rc5 56. Rh4 Ra5 57. Nd4 Ke7 58. Kf1 Rc3 59. Rh7+ Ke8 60. Nb5 Rc1+ 61. Kf2 Rxa4 62. Nc7+ Rxc7 63. Rxc7 Rg4 64. Kf3 e5 65. Rc6 Rxg5 66. Re6+ Kf7 67. Rxe5 Rg1 68. Ra5 Kf6 69. Kf2 Rg4 70. Kf3 Kg5 71. Ra1 Re4 72. Ra2 Rb4 73. Rg2+ Kf6 74. Ra2 Rb6 75. Kf4 g5+ 76. Kg3 Rb3+ 77. Kg2 g4 78. Rc2 Kg5 79. Ra2 Kh4 80. Ra8 Rb2+ 81. Kg1 f4 82. Ra3 f3 0-1

[Event "Aachen II - Iserlohn"]
[Site "?"]
[Date "2024.03.10"]
[Round "7.5"]
[White "Glatzel, Jonas"]
[Black "Breitkopf-Lazar, Patrick-Robert"]
[Result "1/2-1/2"]
[WhiteElo "2060"]
[BlackElo "1852"]
[PlyCount "58"]
[EventDate "2024.??.??"]
[SourceVersionDate "2023.09.04"]

1. e4 e5 2. Nf3 Nc6 3. d4 exd4 4. Nxd4 Bb4+ 5. c3 Bc5 6. Be3 Bb6 7. Nf5 d5 8. Qxd5 Bxf5 9. Bxb6 Qxd5 10. exd5 cxb6 11. dxc6 bxc6 12. Be2 O-O-O 13. O-O Nf6 14. Na3 Rhe8 15. Bf3 Be4 16. Bxe4 Rxe4 17. Rae1 b5 18. Nb1 Rxe1 19. Rxe1 Ne4 20. Kf1 Nc5 21. b3 Rd6 22. f3 Kd7 23. g3 a5 24. Ke2 a4 25. b4 Re6+ 26. Kd2 Nb7 27. Rxe6 Kxe6 28. Kd3 Kd5 29. Nd2 Nd6 1/2-1/2

[Event "Aachen II - Iserlohn"]
[Site "?"]
[Date "2024.03.10"]
[Round "7.6"]
[White "Jablonowski, Christoph"]
[Black "Klauke, Stefan"]
[Result "1-0"]
[WhiteElo "2008"]
[BlackElo "2087"]
[PlyCount "63"]
[EventDate "2024.??.??"]
[SourceVersionDate "2023.09.04"]

1. d4 d5 2. c4 Nc6 3. Nc3 Nf6 4. Nf3 dxc4 5. d5 Na5 6. e4 c6 7. Bf4 cxd5 8. Nb5 e5 9. Qa4 Nc6 10. O-O-O Nxe4 11. Rxd5 Bd7 12. Nxe5 Nc5 13. Qxc4 Nxe5 14. Rxe5+ Be6 15. Nc7+ Qxc7 16. Rxe6+ Nxe6 17. Bxc7 Rc8 18. Qa4+ Ke7 19. Kb1 Rxc7 20. Qxa7 Kf6 21. Bd3 Bc5 22. Qa4 Ke7 23. Qh4+ g5 24. Qg3 Bd6 25. Qf3 Be5 26. Re1 f6 27. g3 Rd8 28. Qf5 Nc5 29. Bc4 b6 30. f4 gxf4 31. gxf4 Rd4 32. Rxe5+ 1-0

[Event "Aachen II - Iserlohn"]
[Site "?"]
[Date "2024.03.10"]
[Round "7.7"]
[White "Franz, Christian"]
[Black "Winkels, Marcel"]
[Result "1-0"]
[WhiteElo "2032"]
[BlackElo "1945"]
[PlyCount "95"]
[EventDate "2024.??.??"]
[SourceVersionDate "2023.09.04"]

1. c4 e5 2. Nc3 Nc6 3. g3 Bc5 4. Bg2 d6 5. Na4 Bb6 6. Nxb6 axb6 7. d3 Nge7 8. e4 Nd4 9. h3 Be6 10. Ne2 Nxe2 11. Qxe2 Qd7 12. f4 f6 13. g4 exf4 14. Bxf4 b5 15. b3 O-O 16. O-O g5 17. Be3 h5 18. Qb2 hxg4 19. Rxf6 Kh7 20. Bxg5 Rxf6 21. Qxf6 Ng6 22. h4 Rf8 23. Qc3 bxc4 24. dxc4 Ne5 25. Rf1 Qg7 26. Qg3 Rxf1+ 27. Kxf1 Nf7 28. e5 Nxe5 29. Qf4 Kg8 30. Bf6 Nd3 31. Qg5 Qxg5 32. Bxg5 c6 33. Be4 Nc5 34. Bc2 d5 35. Be3 Na6 36. h5 c5 37. h6 Nb4 38. Bg6 Bf7 39. Bf5 dxc4 40. Bf4 Nc6 41. Bg5 cxb3 42. axb3 Nd4 43. Be4 Nf3 44. h7+ Kg7 45. Bf6+ Kxf6 46. h8=Q+ Ke7 47. Qc3 Nd4 48. Qxc5+ 1-0

[Event "Aachen II - Iserlohn"]
[Site "?"]
[Date "2024.03.10"]
[Round "7.8"]
[White "Thiemann, Marc"]
[Black "Kuhnen, Thomas"]
[Result "1-0"]
[WhiteElo "1943"]
[BlackElo "2077"]
[PlyCount "69"]
[EventDate "2024.??.??"]
[SourceVersionDate "2023.09.04"]

1. e4 e6 2. d4 d5 3. e5 c5 4. c3 Qb6 5. Nf3 Bd7 6. Bd3 Bb5 7. dxc5 Bxc5 8. b4 Bxd3 9. Qxd3 Bf8 10. a4 a6 11. O-O Nc6 12. Re1 Nh6 13. h3 Nf5 14. g4 Nfe7 15. Na3 Ng6 16. b5 Bc5 17. bxc6 Bxf2+ 18. Kf1 Bxe1 19. Kxe1 Qxc6 20. Nc2 O-O 21. Ncd4 Qc7 22. Qe3 Rfc8 23. Bd2 Qd7 24. h4 Rc4 25. h5 Nf8 26. h6 g6 27. Qf4 Qe7 28. Ng5 Nd7 29. Ke2 Rf8 30. Rb1 f6 31. Rxb7 fxe5 32. Qxe5 Nxe5 33. Rxe7 Nf7 34. Ndxe6 Nxg5 35. Nxg5 1-0

[Event "Essen-Werden - Nienberge"]
[Site "?"]
[Date "2024.03.10"]
[Round "7.1"]
[White "Mikeladze, Berdia"]
[Black "Kaufeld, Juergen"]
[Result "1/2-1/2"]
[WhiteElo "2133"]
[BlackElo "2257"]
[PlyCount "96"]
[EventDate "2024.??.??"]
[SourceVersionDate "2023.09.04"]

1. d4 Nf6 2. Nf3 d5 3. e3 c6 4. Ne5 Nbd7 5. Nxd7 Bxd7 6. Bd3 g6 7. O-O Bg7 8. Nd2 e5 9. dxe5 Ng4 10. e4 Nxe5 11. exd5 Nxd3 12. dxc6 Bxc6 13. cxd3 O-O 14. Nc4 Qd5 15. Ne3 Qd4 16. Nc2 Qd5 17. Ne3 Qd7 18. Rb1 Rfd8 19. b3 Qxd3 20. Qxd3 Rxd3 21. Bb2 Rd2 22. Nc4 Re2 23. Bxg7 Kxg7 24. a4 Rd8 25. Rfd1 Rxd1+ 26. Rxd1 Bd5 27. Nd2 Re7 28. Rc1 Rd7 29. Kf1 Bxg2+ 30. Kxg2 Rxd2 31. Rc7 b6 32. Rxa7 Rb2 33. Rb7 Rxb3 34. a5 b5 35. a6 Ra3 36. a7 b4 37. h4 b3 38. Rxb3 Rxa7 39. Kg3 Ra1 40. Kg2 Ra4 41. Kg3 h5 42. f3 Ra5 43. Rb6 Rf5 44. Ra6 Rf6 45. Ra5 Rb6 46. Ra4 Kh6 47. Ra7 f6 48. Ra8 g5 1/2-1/2

[Event "Essen-Werden - Nienberge"]
[Site "?"]
[Date "2024.03.10"]
[Round "7.2"]
[White "Kauch, Markus"]
[Black "Ringwelski, Marius"]
[Result "1/2-1/2"]
[WhiteElo "2127"]
[BlackElo "1971"]
[PlyCount "51"]
[EventDate "2024.??.??"]
[SourceVersionDate "2023.09.04"]

1. Nf3 Nf6 2. c4 c5 3. d4 cxd4 4. Nxd4 Nc6 5. Nc3 e6 6. g3 Bb4 7. Bg2 Ne5 8. Qb3 Qb6 9. Nc2 a5 10. Be3 Bxc3+ 11. Qxc3 Qc7 12. c5 Ng6 13. O-O O-O 14. h3 Nd5 15. Bxd5 exd5 16. Bd4 f6 17. Qf3 Ne7 18. Ne3 Qc6 19. Rfd1 Qe6 20. h4 Ra6 21. Rac1 Rc6 22. Rc3 d6 23. Rdc1 dxc5 24. Bxc5 d4 25. Bxd4 Rxc3 26. Bxc3 1/2-1/2

[Event "Essen-Werden - Nienberge"]
[Site "?"]
[Date "2024.03.10"]
[Round "7.3"]
[White "Emiroglu, Murat"]
[Black "Roth, Markus"]
[Result "1/2-1/2"]
[WhiteElo "2178"]
[BlackElo "2174"]
[PlyCount "92"]
[EventDate "2024.??.??"]
[SourceVersionDate "2023.09.04"]

1. e4 e6 2. d4 d5 3. exd5 exd5 4. Bd3 Nf6 5. c3 c5 6. Nf3 c4 7. Bc2 Be7 8. Ne5 O-O 9. O-O Nbd7 10. f4 Ne8 11. b3 cxb3 12. axb3 Ndf6 13. Nd2 Nd6 14. f5 a6 15. Qf3 Qc7 16. Bb2 b5 17. Rac1 Bb7 18. h3 a5 19. g4 Nfe4 20. Rcd1 Bg5 21. Nb1 f6 22. Nd3 b4 23. Nf4 Bxf4 24. Qxf4 bxc3 25. Bxe4 cxb2 26. Bg2 a4 27. bxa4 Rxa4 28. g5 fxg5 29. Qe5 Re8 30. Bxd5+ Kh8 31. Be6 Qc6 32. d5 Qc5+ 33. Kh1 Re4 34. Qxb2 Qe3 35. Qc3 Qxc3 36. Nxc3 Re3 37. Na4 Rxh3+ 38. Kg2 g4 39. Nc5 h5 40. Nxb7 Nxb7 41. d6 h4 42. d7 Rf8 43. Rd4 Rg3+ 44. Kh2 Rh3+ 45. Kg2 Rg3+ 46. Kh2 Rh3+ 1/2-1/2

[Event "Essen-Werden - Nienberge"]
[Site "?"]
[Date "2024.03.10"]
[Round "7.4"]
[White "Mann, Gergely"]
[Black "Kemper, Georg"]
[Result "1-0"]
[WhiteElo "2052"]
[BlackElo "1981"]
[PlyCount "55"]
[EventDate "2024.??.??"]
[SourceVersionDate "2023.09.04"]

1. d4 e6 2. e4 d5 3. Nc3 Bb4 4. e5 b6 5. Qg4 Bf8 6. Nf3 Qd7 7. h4 h5 8. Qg3 Ba6 9. Bxa6 Nxa6 10. Bg5 Ne7 11. O-O O-O-O 12. a4 Nb4 13. a5 b5 14. a6 Kb8 15. Qf4 Ng6 16. Qd2 Rc8 17. Ra5 Ka8 18. Rxb5 Nxa6 19. Ra5 Nb8 20. Rfa1 a6 21. Rxa6+ Nxa6 22. Qd3 Kb8 23. Qxa6 c6 24. Qa8+ Kc7 25. Ra7+ Kb6 26. Na4+ Kb5 27. Rb7+ Kc4 28. b3# 1-0

[Event "Essen-Werden - Nienberge"]
[Site "?"]
[Date "2024.03.10"]
[Round "7.5"]
[White "Haas, Kai Markus"]
[Black "ter Steeg, Marcus"]
[Result "0-1"]
[WhiteElo "1977"]
[BlackElo "1966"]
[PlyCount "122"]
[EventDate "2024.??.??"]
[SourceVersionDate "2023.09.04"]

1. e4 e5 2. Nf3 Nc6 3. Bc4 Bc5 4. c3 Nf6 5. d4 exd4 6. e5 d5 7. Bb5 Ne4 8. cxd4 Bb4+ 9. Nfd2 Bd7 10. Bxc6 Bxc6 11. O-O O-O 12. Qb3 Ba5 13. f3 Ng5 14. f4 Ne4 15. Nf3 Bb6 16. Be3 f5 17. Nc3 Kh8 18. Rad1 Qd7 19. Qc2 h6 20. Qc1 Qe6 21. g3 Rfd8 22. Kg2 Be8 23. Rg1 Rac8 24. b4 Qc6 25. Ne2 Qb5 26. Qb2 a5 27. a3 Bh5 28. Rge1 axb4 29. axb4 Ra8 30. Ra1 Qd3 31. Neg1 Rxa1 32. Qxa1 Qc2+ 33. Re2 Qc4 34. Qa3 Be8 35. h3 Bb5 36. Nh4 Bxd4 37. Nxf5 Bxe3 38. Nxe3 Qd4 39. Nf3 Qb6 40. Rb2 d4 41. Nd1 Qe6 42. Nh4 Qc6 43. Kh2 Qc1 44. Qf3 Nc3 45. Qh5 Nxd1 46. Rg2 Ne3 47. Qf7 Nf1+ 48. Kg1 Qe3+ 49. Rf2 Qxg3+ 50. Rg2 Qe3+ 51. Kh1 Qxh3+ 52. Kg1 Qe3+ 53. Kh1 Qh3+ 54. Kg1 Ng3 55. Ng6+ Kh7 56. Kf2 Qf5 57. Qe7 Re8 58. Qxc7 Re6 59. Nh4 Qxf4+ 60. Nf3 Rg6 61. Qxb7 Qe3# 0-1

[Event "Essen-Werden - Nienberge"]
[Site "?"]
[Date "2024.03.10"]
[Round "7.6"]
[White "Huette, Stefan"]
[Black "Wetterau, Georg"]
[Result "1-0"]
[WhiteElo "2050"]
[BlackElo "1899"]
[PlyCount "65"]
[EventDate "2024.??.??"]
[SourceVersionDate "2023.09.04"]

1. d4 Nf6 2. Bg5 d5 3. Nd2 b6 4. e3 Bb7 5. Ngf3 e6 6. Bd3 Nbd7 7. O-O h6 8. Bh4 Bd6 9. c3 g5 10. Bg3 Bxg3 11. hxg3 Ne4 12. a4 a5 13. Bb5 c6 14. Bd3 f5 15. c4 O-O 16. cxd5 cxd5 17. Bb5 Nxd2 18. Qxd2 Nf6 19. Ne5 Ne4 20. Qe2 Nf6 21. Rfc1 Rc8 22. Qd3 Qd6 23. g4 Rxc1+ 24. Rxc1 Rc8 25. Rxc8+ Bxc8 26. Qc2 Qd8 27. gxf5 exf5 28. Qc6 Kg7 29. f3 f4 30. Qc2 Kf8 31. exf4 gxf4 32. Qg6 Ke7 33. Nc6+ 1-0

[Event "Essen-Werden - Nienberge"]
[Site "?"]
[Date "2024.03.10"]
[Round "7.7"]
[White "van Ackeren, Franz"]
[Black "Claussen, Uwe"]
[Result "0-1"]
[WhiteElo "2099"]
[BlackElo "2082"]
[PlyCount "56"]
[EventDate "2024.??.??"]
[SourceVersionDate "2023.09.04"]

1. Nf3 e6 2. d4 b6 3. e3 Bb7 4. Bd3 f5 5. O-O Nf6 6. c4 Be7 7. Nc3 O-O 8. Qc2 Qe8 9. e4 Na6 10. a3 Qh5 11. b4 Bxb4 12. exf5 Bxf3 13. gxf3 Bxc3 14. Qxc3 Qxf3 15. Qc2 Qg4+ 16. Kh1 Qf3+ 17. Kg1 Qg4+ 18. Kh1 Qxd4 19. Bb2 Qf4 20. f3 Nc5 21. fxe6 Nxd3 22. e7 Rf7 23. Qxd3 Re8 24. Rae1 Rfxe7 25. Rxe7 Rxe7 26. Bd4 Qd6 27. Qc3 Re2 28. Bf2 Qd2 0-1

[Event "Oberhausen - Horst- Emscher"]
[Site "?"]
[Date "2024.03.10"]
[Round "7.1"]
[White "Kotter, Ralf"]
[Black "Becker, Marcel"]
[Result "0-1"]
[WhiteElo "2348"]
[BlackElo "2298"]
[PlyCount "80"]
[EventDate "2024.??.??"]
[SourceVersionDate "2023.09.04"]

1. e4 c6 2. d4 d5 3. e5 Bf5 4. Nf3 e6 5. Be2 a5 6. O-O a4 7. c4 dxc4 8. Bxc4 Ne7 9. Nc3 Nd7 10. a3 Nb6 11. Ba2 Ned5 12. Ne2 Be7 13. Ng3 Bg6 14. Qe2 O-O 15. Ne4 Nd7 16. Rd1 b5 17. Bd2 h6 18. Nc3 Nxc3 19. Bxc3 Nb6 20. Rac1 Nd5 21. Bd2 Qb6 22. h3 Rfc8 23. Qe1 b4 24. axb4 Nxb4 25. Bc4 Bc2 26. Rxc2 Nxc2 27. Qe4 Nb4 28. g4 c5 29. g5 Qc6 30. Qg4 h5 31. Qxh5 g6 32. Qg4 cxd4 33. Rc1 a3 34. bxa3 Rxa3 35. Nxd4 Qxc4 36. Rxc4 Rxc4 37. Be3 Nd5 38. Qe2 Nxe3 39. fxe3 Rcc3 40. Qb5 Bxg5 0-1

[Event "Oberhausen - Horst- Emscher"]
[Site "?"]
[Date "2024.03.10"]
[Round "7.2"]
[White "Hort, Vlastimil"]
[Black "Baerwolf, Steven"]
[Result "1/2-1/2"]
[WhiteElo "2318"]
[BlackElo "2234"]
[PlyCount "72"]
[EventDate "2024.??.??"]
[SourceVersionDate "2023.09.04"]

1. d4 d5 2. c4 e6 3. Nc3 Nf6 4. Bg5 dxc4 5. e3 c5 6. Bxc4 cxd4 7. exd4 Nc6 8. Nf3 Be7 9. O-O O-O 10. a3 a6 11. Rc1 b5 12. Bd3 Bb7 13. Re1 h6 14. Be3 Rc8 15. h3 Qd6 16. b4 Rfd8 17. Bb1 Qb8 18. Qe2 a5 19. Qxb5 axb4 20. axb4 Nxb4 21. Ne5 Qa8 22. f3 Nbd5 23. Nxd5 Nxd5 24. Qd3 Nf6 25. Rxc8 Rxc8 26. Rc1 Ba6 27. Rxc8+ Qxc8 28. Qc2 Qxc2 29. Bxc2 Nd5 30. Bd2 Bd8 31. Nc6 Bb6 32. Ba5 Bxa5 33. Nxa5 Nb4 34. Bb1 Kf8 35. Kf2 Ke7 36. Nb3 Kd6 1/2-1/2

[Event "Oberhausen - Horst- Emscher"]
[Site "?"]
[Date "2024.03.10"]
[Round "7.3"]
[White "Rebentisch, Tom"]
[Black "Kummerow, Heiko"]
[Result "1-0"]
[WhiteElo "2168"]
[BlackElo "2119"]
[PlyCount "87"]
[EventDate "2024.??.??"]
[SourceVersionDate "2023.09.04"]

1. e4 e6 2. d4 d5 3. Nc3 Bb4 4. Nge2 dxe4 5. a3 Bxc3+ 6. Nxc3 Nc6 7. Bb5 Nge7 8. Be3 O-O 9. Qd2 f5 10. O-O-O Qd6 11. Bf4 Qd8 12. f3 exf3 13. gxf3 Nd5 14. Bxc6 Nxf4 15. Qxf4 bxc6 16. Na4 Qd6 17. Qe3 f4 18. Qe2 Bd7 19. Nc5 Rae8 20. Rhe1 Bc8 21. Qc4 Qd5 22. Qc3 Qh5 23. Rd2 Rf5 24. Rde2 Rd5 25. Kb1 Qh4 26. Nxe6 Bxe6 27. Qxc6 Rdd8 28. d5 Re7 29. dxe6 Qh5 30. Qe4 Rb8 31. Qxf4 Rf8 32. Qb4 c5 33. Qa5 Rxf3 34. Re5 Qg6 35. Qxc5 Qf6 36. Rd1 h6 37. Qd5 Rf2 38. Qe4 Rf1 39. Rxf1 Qxf1+ 40. Ka2 Qh3 41. c4 Qxh2 42. c5 Rb7 43. Qxb7 Qxe5 44. Qf7+ 1-0

[Event "Oberhausen - Horst- Emscher"]
[Site "?"]
[Date "2024.03.10"]
[Round "7.4"]
[White "Montignies, Rainer"]
[Black "De Roda Husman, Juan"]
[Result "1/2-1/2"]
[WhiteElo "2279"]
[BlackElo "2256"]
[PlyCount "76"]
[EventDate "2024.??.??"]
[SourceVersionDate "2023.09.04"]

1. Nf3 g6 2. d4 Bg7 3. g3 d6 4. Bg2 Nd7 5. O-O e5 6. dxe5 Nxe5 7. Nxe5 Bxe5 8. Nc3 Ne7 9. e4 O-O 10. Bg5 Bg7 11. Qd2 Be6 12. Rad1 Qd7 13. Rfe1 f6 14. Bh6 Rae8 15. Bxg7 Kxg7 16. b3 a6 17. Ne2 Qc8 18. Nf4 Bg4 19. f3 Bd7 20. c4 b6 21. Qc3 a5 22. a3 Qb7 23. b4 axb4 24. axb4 Qc6 25. Nd3 Be6 26. c5 dxc5 27. bxc5 Rd8 28. Rc1 Qb5 29. Nf4 Bg8 30. cxb6 Qxb6+ 31. Kh1 c6 32. e5 f5 33. e6+ Qd4 34. Qa3 Rfe8 35. h4 Ra8 36. Qd3 Rad8 37. Qa3 Ra8 38. Qd3 Rad8 1/2-1/2

[Event "Oberhausen - Horst- Emscher"]
[Site "?"]
[Date "2024.03.10"]
[Round "7.5"]
[White "Kroeger, Fabian"]
[Black "Alkhazashvili, Ololi"]
[Result "0-1"]
[WhiteElo "2176"]
[BlackElo "2189"]
[PlyCount "118"]
[EventDate "2024.??.??"]
[SourceVersionDate "2023.09.04"]

1. e4 c5 2. Nc3 a6 3. Nf3 e6 4. d4 cxd4 5. Nxd4 Qc7 6. f4 d6 7. Qf3 Nf6 8. Be3 Bd7 9. g4 Nc6 10. g5 Ng8 11. O-O-O Nxd4 12. Bxd4 Bc6 13. f5 e5 14. Be3 Rc8 15. f6 h6 16. h4 hxg5 17. hxg5 Rxh1 18. Qxh1 gxf6 19. Qh7 Ne7 20. gxf6 Ng6 21. Bh3 Bd7 22. Bf5 Nf4 23. Bxf4 exf4 24. Rg1 Bxf5 25. exf5 Qc4 26. Re1+ Kd8 27. Re4 Qf1+ 28. Kd2 f3 29. Qh2 Rc4 30. Rxc4 Qxc4 31. Qh8 Qd4+ 32. Ke1 Ke8 33. Qh3 Qe3+ 34. Kf1 b5 35. Qh4 Kd7 36. Qe4 Qxe4 37. Nxe4 Bh6 38. Kf2 Bc1 39. b3 d5 40. Nc5+ Kc6 41. Nd3 Bg5 42. Ne5+ Kc5 43. Kxf3 Kd4 44. Nxf7 Bxf6 45. Nd6 Kc3 46. Ne8 Bd8 47. f6 Kxc2 48. f7 Be7 49. Ng7 Kb2 50. a4 Kxb3 51. axb5 axb5 52. Ne6 Kc3 53. Ke2 b4 54. Kd1 b3 55. Kc1 d4 56. Nf4 Ba3+ 57. Kb1 d3 58. Ng2 Kd4 59. Ne1 Ke3 0-1

[Event "Oberhausen - Horst- Emscher"]
[Site "?"]
[Date "2024.03.10"]
[Round "7.6"]
[White "Mancic, Ivan"]
[Black "De Mie, Mariska"]
[Result "0-1"]
[WhiteElo "2143"]
[BlackElo "2092"]
[PlyCount "52"]
[EventDate "2024.??.??"]
[SourceVersionDate "2023.09.04"]

1. d4 g6 2. Nf3 Bg7 3. c4 d6 4. Nc3 Nd7 5. g3 e5 6. Bg2 Ne7 7. O-O O-O 8. e4 exd4 9. Nxd4 Nc6 10. Nde2 Nc5 11. Be3 Ne5 12. b3 c6 13. h3 f5 14. exf5 Bxf5 15. Nd4 Bd3 16. Re1 Qa5 17. Rc1 Rae8 18. Qd2 g5 19. Red1 Bg6 20. Na4 Qxd2 21. Rxd2 Ne4 22. Rdd1 Nxg3 23. fxg3 Nd3 24. Rxd3 Bxd3 25. Bf2 Rxf2 26. Nf5 Rxf5 0-1

[Event "Oberhausen - Horst- Emscher"]
[Site "?"]
[Date "2024.03.10"]
[Round "7.7"]
[White "Weichert, Eddy"]
[Black "Ciornei, Dragos"]
[Result "1/2-1/2"]
[WhiteElo "1999"]
[BlackElo "2081"]
[PlyCount "39"]
[EventDate "2024.??.??"]
[SourceVersionDate "2023.09.04"]

1. e4 c5 2. Nf3 e6 3. d4 cxd4 4. Nxd4 a6 5. Bd3 Qc7 6. Nd2 Nf6 7. Qe2 e5 8. N4b3 Nc6 9. c3 Be7 10. O-O O-O 11. Nc4 d5 12. exd5 Nxd5 13. Re1 Nf4 14. Bxf4 exf4 15. a4 Be6 16. Bc2 Rad8 17. Rad1 g6 18. Ncd2 Qb6 19. Nc4 Qc7 20. Ncd2 1/2-1/2

[Event "Oberhausen - Horst- Emscher"]
[Site "?"]
[Date "2024.03.10"]
[Round "7.8"]
[White "Nissen, Claus"]
[Black "Goeldenboog, Juergen"]
[Result "1-0"]
[WhiteElo "2121"]
[BlackElo "1958"]
[PlyCount "58"]
[EventDate "2024.??.??"]
[SourceVersionDate "2023.09.04"]

1. e4 c6 2. d4 d5 3. f3 e6 4. Nc3 b6 5. Be3 Ba6 6. Bd3 Bb4 7. Nge2 Ne7 8. a3 Bxc3+ 9. Nxc3 Bxd3 10. Qxd3 Nd7 11. O-O-O b5 12. Bg5 f6 13. Bf4 Nb6 14. Rde1 O-O 15. Bg3 Nc4 16. exd5 exd5 17. Qe2 Re8 18. Qe6+ Kf8 19. Qh3 Kg8 20. Re6 Ng6 21. Rhe1 Rxe6 22. Qxe6+ Kf8 23. b3 Qa5 24. Nb1 Nge5 25. dxe5 Re8 26. Qxc6 Nxe5 27. Qc5+ Kf7 28. Qxd5+ Kg6 29. f4 Qxe1+ 1-0

[Event "Nienberge - Aachen"]
[Site "?"]
[Date "2024.04.07"]
[Round "8.1"]
[White "Coenen, Norbert"]
[Black "Mikeladze, Berdia"]
[Result "1/2-1/2"]
[WhiteElo "2274"]
[BlackElo "2136"]
[PlyCount "30"]
[EventDate "2024.??.??"]
[SourceVersionDate "2023.09.04"]

1. e4 c6 2. d4 d5 3. Nc3 dxe4 4. Nxe4 Nf6 5. Nxf6+ gxf6 6. c3 Bf5 7. Nf3 Qc7 8. g3 e6 9. Bg2 Nd7 10. Nh4 Bg6 11. O-O Bd6 12. Bh6 Bf8 13. Bf4 Bd6 14. Bh6 Bf8 15. Bf4 Bd6 1/2-1/2

[Event "Nienberge - Aachen"]
[Site "?"]
[Date "2024.04.07"]
[Round "8.2"]
[White "Gottkehaskamp, Philipp"]
[Black "Ngo, Quang Thai"]
[Result "0-1"]
[WhiteElo "2030"]
[BlackElo "2132"]
[PlyCount "44"]
[EventDate "2024.??.??"]
[SourceVersionDate "2023.09.04"]

1. e4 c5 2. Nf3 e6 3. d4 cxd4 4. Nxd4 Nf6 5. Nc3 Nc6 6. Be3 Bb4 7. Nxc6 bxc6 8. Qf3 d5 9. Bg5 dxe4 10. Qg3 Qa5 11. Bd2 Qf5 12. Be2 O-O 13. Qh4 Rb8 14. g4 Qe5 15. a3 e3 16. fxe3 Bc5 17. g5 Nd5 18. Bd3 g6 19. Ne4 Bxe3 20. Bxe3 Nxe3 21. Qh6 Nf5 22. Qh3 Nd6 0-1